Formas impersonales del verbo en la prensa española bakalárska práca

Gespeichert in:
Bibliographische Detailangaben
1. Verfasser: Kériová, Ivana
Körperschaft: Fakulta aplikovaných jazykov EU v Bratislave. Katedra románskych a slovanských jazykov
Weitere Verfasser: Mocková, Nina, 1987-
Format: Buch
Sprache:Spanisch
Veröffentlicht: Bratislava 2024
Tags: Tag hinzufügen
Keine Tags, Fügen Sie das erste Tag hinzu!

MARC

LEADER 00000nbm a2200000 4500
001 0300580
005 20250327132521.0
041 0 |a spa 
044 |a SK 
245 1 0 |a Formas impersonales del verbo en la prensa española  |b bakalárska práca  |c Ivana Kériová ; školiteľ: Nina Mocková 
264 1 |a Bratislava  |c 2024 
300 |a 50 s. 
100 1 |a Kériová, Ivana 
700 1 |a Mocková, Nina, 1987- 
710 2 |a Fakulta aplikovaných jazykov EU v Bratislave. Katedra románskych a slovanských jazykov